Discurs de final de mandat : 30 de març de 2015 / 30 de març de 2015 /
Descripción Física:
19 pàgines : il·lustracions ; 24 cm
Materias:
Esteve i Figueras, Salvador, -- 1945-
; Barcelona (Catalunya : Província). -- Diputació -- Direcció i administració
; Barcelona (Catalunya : Província). -- Diputació -- Presidents
Idioma:
Catalán
MARC
| LEADER | 00000nam a2200000 a 4500 | ||
|---|---|---|---|
| 001 | 25756 | ||
| 005 | 20260324181117.0 | ||
| 008 | 151015s2015 spc|||| ||||o0|0 0 cat| | ||
| 017 | |a DL B 17076-2015 |b Biblioteca de Catalunya | ||
| 080 | |a FU-70-14 | ||
| 110 | 1 | |9 55843 |a Barcelona (Catalunya : Província). |b President (2011-2015 : Esteve) | |
| 245 | 1 | 0 | |a Discurs de final de mandat : |b 30 de març de 2015 / |c Salvador Esteve i Figueras |
| 260 | |a Barcelona : |b Diputació de Barcelona, |c 2015 | ||
| 300 | |a 19 pàgines : |b il·lustracions ; |c 24 cm | ||
| 600 | 1 | 0 | |a Esteve i Figueras, Salvador, |d 1945- |9 53191 |
| 610 | 0 | |a Barcelona (Catalunya : Província). |b Diputació |x Direcció i administració |9 53192 | |
| 610 | 1 | 0 | |a Barcelona (Catalunya : Província). |b Diputació |x Presidents |9 52771 |
| 710 | 1 | |a Barcelona (Catalunya : Província). |b Diputació |9 52408 | |
| 940 | |a BC | ||
| 942 | |2 udc |c ARXIU |n 1 | ||
| 952 | |0 0 |1 0 |4 0 |6 FU7014 |7 1 |9 62147 |a Arxiu |b Arxiu |d 2022-06-02 |l 0 |o FU-70-14 |p 25756 |r 2022-06-02 00:00:00 |w 2022-06-02 |y ARXIU | ||
| 999 | |c 81844 |d 81844 | ||